000 00653cam a2200157K 4500
082 0 4 _a952.031
_bVLA
100 1 _aVolpicelli, Zenone,
_950364
245 1 4 _aThe China-Japan war compiled from Japanese, Chinese, and foreign sources
_cby Vladimir [pseud.].
260 _aLondon,
_bS. Low, Marston and Co.,
_c1896.
300 _a1 online resource (x, 449, [1] p. incl. illus., plates, ports.)
_bfront. (fold. map) VI col. diagr. on fold. pl.
526 _a0
_b0
_c0
_d952_031000000000000_VLA
650 0 _aMCE
_9379
650 0 _aSino-Japanese War, 1894-1895.
_950365
856 4 0 _uhttp://catalog.hathitrust.org/api/volumes/oclc/3867785.html
942 _2ddc
_cBK
999 _c553093
_d553093